Spišské Vlachy námestie nesie meno biskupa F. Tondru

Bibliographic Details
Format: Article
Language:Slovak
ISSN:1338-659X
Subjects:

MARC

LEADER 00000nab a2200000 ar4500
001 vtls010632247
003 SK-MaSNL
005 20260305040129.0
008 141031c20130920xo mr|p|||||||000 b|slo
038 |a SNSK 
040 |b slo  |c SNSK  |e AACR2 
041 |a slo 
044 |a xo  |c SK 
080 |a 711.61  |x (437.672)  |2 2001 
080 |a 069.444  |2 2001 
245 0 0 |a Spišské Vlachy  |b námestie nesie meno biskupa F. Tondru  |c [autor] (šim) 
650 0 7 |a námestia  |2 snsk  |9 26291 
650 0 7 |a Opravy a rekonštrukcie  |2 snsk  |9 1044953 
650 0 7 |a premenovanie  |2 snsk  |9 879328 
651 7 |a Námestie Františka Tondru (Spišské Vlachy, Slovensko)  |2 snsk  |9 1619520 
651 7 |a Spišské Vlachy (Slovensko)  |2 snsk  |9 30828 
651 7 |a Spišská Nová Ves (Slovensko : okres)  |2 snsk  |9 22259 
773 0 |t Korzár : denník Košického kraja  |g Roč. XVI., č. 219 (20.9.2013), s. 5  |x 1338-659X 
852 |a SNSK  |b KIS3GCP 
999 |c 3336849  |d 3338779